LEADER 00975nam0-22003131i-450- 001 990007166560403321 005 20151112103015.0 035 $a000716656 035 $aFED01000716656 035 $a(Aleph)000716656FED01 035 $a000716656 100 $a20021021d--------km-y0itay50------ba 101 0 $aita 200 1 $aCodice delle leggi amministrative$egią leggi fondamentali del diritto amministrativo.I - Organizzazione eattivitą$fa cura di Vittorio Italia, Mario Bassani. 205 $a6 edz agg. al 15 settembre 2001 210 $aMilano$cGiuffre'$d2001. 215 $aXXX , 1393 p.$d18 cm 702 1$aBassani,$bMario 702 1$aItalia,$bVittorio 710 12$aItalia$0440885 801 0$aIT$bUNINA$gRICA$2UNIMARC 901 $aBK 912 $a990007166560403321 952 $aDP XXXVIII-342$b19760$fDEC 952 $aXXI A 52$b4914$fDDCIC 959 $aDEC 959 $aDDCIC 996 $aCodice delle leggi amministrative$9680867 997 $aUNINA LEADER 01757oam 2200445I 450 001 9910711545103321 005 20181108144205.0 035 $a(CKB)5470000002484601 035 $a(OCoLC)961333214 035 $a(EXLCZ)995470000002484601 100 $a20161028d1960 ua 0 101 0 $aeng 135 $aurn|||||||||| 181 $ctxt$2rdacontent 182 $cc$2rdamedia 183 $acr$2rdacarrier 200 10$aSurface water supply of the United States, 1958$hPart 3-A$iOhio River Basin except Cumberland and Tennessee River basins /$fPrepared under the direction of J. V. B. Wells 210 1$a[Washington, D.C.] :$cUnited States Department of the Interior, Geological Survey,$d1960. 210 2$aWashington :$cUnited States Government Printing Office. 215 $a1 online resource (xii, 574 pages) $cillustrations, maps 225 1 $aGeological Survey water-supply paper ;$v1555 300 $a"Prepared by the Geological Survey in cooperation with the States of Illinois, Indiana, Kentucky, Maryland, New York, North Carolina, Ohio, Pennsylvania, Virginia, and West Virginia, and with other agencies." 300 $a"* U.S. Government Printing Office : I960 O 545478"--Page 574. 300 $aIncludes tables. 320 $aIncludes index. 606 $aWater quality$zOhio River Watershed 606 $aWater-supply$zOhio River Watershed 615 0$aWater quality 615 0$aWater-supply 700 $aWells$b J. V. B.$01385991 712 02$aGeological Survey (U.S.), 801 0$bCOP 801 1$bCOP 801 2$bOCLCO 801 2$bOCLCF 801 2$bGPO 906 $aBOOK 912 $a9910711545103321 996 $aSurface water supply of the United States, 1958$93440773 997 $aUNINA LEADER 04416nam 2200589Ia 450 001 9910830597303321 005 20230421044602.0 010 $a1-281-75865-5 010 $a9786611758653 010 $a3-527-61541-5 010 $a3-527-61540-7 035 $a(CKB)1000000000377531 035 $a(EBL)482263 035 $a(OCoLC)607177356 035 $a(SSID)ssj0000180984 035 $a(PQKBManifestationID)11179460 035 $a(PQKBTitleCode)TC0000180984 035 $a(PQKBWorkID)10150938 035 $a(PQKB)11314127 035 $a(MiAaPQ)EBC482263 035 $a(EXLCZ)991000000000377531 100 $a19950202d1995 uy 0 101 0 $aeng 135 $aur|n|---||||| 181 $ctxt 182 $cc 183 $acr 200 10$aIntermetallics$b[electronic resource] /$fGerhard Sauthoff 210 $aWeinheim ;$aNew York $cVCH$dc1995 215 $a1 online resource (180 p.) 300 $aDescription based upon print version of record. 311 $a3-527-29320-5 320 $aIncludes bibliographical references and index. 327 $aIntermetallics; Contents; List of Symbols and Abbreviations; 1 Introduction; 1.1 Definition of Intermetallics and Outline of This Report; 1.2 Historical Remarks; 2 General Considerations; 2.1 Bonding, Crystal Structure, and Phase Stability; 2.2 Bonding Strength and Basic Properties; 2.3 Criteria for Phase Selection; 3 Titanium Aluminides and Related Phases; 3.1 Ti3 AI; 3.1.1 Basic Properties and Phase Diagram; 3.1.2 Microstructure and Mechanical Behavior; 3.1.3 Environmental Effects; 3.1.4 Applications; 3.2 TiAl; 3.2.1 Basic Properties and Phase Diagram 327 $a3.2.2 Microstructure and Mechanical Behavior3.2.3 Environmental Effects; 3.2.4 Applications; 3.3 AI3 Ti and Other D022 Phases; 3.3.1 Basic Properties and Phase Diagram; 3.3.2 Microstructure and Mechanical Behavior; 3.4 Trialuminides with the L12 Structure; 3.4.1 Basic Properties and Phase Diagrams; 3.4.2 Microstructure and Mechanical Behavior; 4 Nickel Aluminides and Related Phases; 4.1 Ni3 A1; 4.1.1 Basic Properties and Phase Diagram; 4.1.2 Microstructure and Mechanical Behavior; 4.1.3 Environmental Effects; 4.1.4 Applications; 4.2 Other L12 Phases; 4.2.1 General Remarks 327 $a4.2.2 LI2 Phases of Particular Interest4.3 NiAl; 4.3.1 Basic Properties; 4.3.2 Phase Diagram and Martensitic Transformation; 4.3.3 Microstructure and Mechanical Behavior; 4.3.4 Creep; 4.3.5 Environmental Effects; 4.3.6 Alloy Developments and Applications; 4.4 Other B2 Phases; 4.4.1 CoAl; 4.4.2 NiTi; 4.4.3 FeTi, CoTi, CoZr, and CoHf; 4.4.4 FeCo; 4.5 Heusler-Type Phases; 4.6 Nickel - Molybdenum Phases; 5 Iron Aluminides and Related Phases; 5.1 Fe3 AI; 5.2 Fe3AlCx and Related Phases; 5.3 FeAl; 6 Cu-Base Phases; 6.1 CuZn; 6.2 Cu-Zn-AI Shape Memory Alloys; 6.3 Cu-Al-Ni Shape Memory Alloys 327 $a6.4 Cu-Au Phases6.5 Cu Amalgams; 7 A15 Phases; 7.1 Basic Properties; 7.2 V3Si; 7.3 V3Ga; 7.4 Nb3Sn; 7.5 Nb3AI; 7.6 Nb3 Si; 7.7 Cr3 Si; 8 Laves Phases; 8.1 Basic Properties; 8.2 Applications; 8.2.1 Superconducting Materials; 8.2.2 Magnetic Materials; 8.2.3 Hydrogen Storage Materials; 8.2.4 Structural Alloys; 9 Beryllides; 10 Rare-Earth Compounds; 10.1 Magnet Materials; 10.2 Hydrogen Storage Materials; 11 Silicides; 11.1 M3Si Phases; 11.2 M2Si Phases; 11.3 M5Si3 Phases; 11.4 MSi Phases; 11.5 Disilicides; 12 Prospects; Acknowledgements; References; Index 330 $aDerived from the highly acclaimed series Materials Science and Technology, this book covers the properties as well as the present and emerging applications of intermetallics. Mechanical characteristics, microstructure as well as the environmental influence on intermetallics are treated in depth. In addition, the prospects and risks inherent in materials development as well as typical applications of intermetallics are critically assessed. It is the author's aim to provide the basis for understanding the physical mechanisms, which influence the properties of the materials and ultimately 606 $aAlloys 606 $aIntermetallic compounds 615 0$aAlloys. 615 0$aIntermetallic compounds. 676 $a620.1697 676 $a669.94 700 $aSauthoff$b G$0916485 801 0$bMiAaPQ 801 1$bMiAaPQ 801 2$bMiAaPQ 906 $aBOOK 912 $a9910830597303321 996 $aIntermetallics$92054480 997 $aUNINA